Making Pilgrimages: Meaning and Practice in Shikoku (Record no. 1319226)

MARC details
000 -LEADER
fixed length control field 00749nam a2200217Ia 4500
005 - DATE AND TIME OF LATEST TRANSACTION
control field 20250507130347.0
008 - FIXED-LENGTH DATA ELEMENTS--GENERAL INFORMATION
fixed length control field 008 250505s9999 xx 000 0 eng d
020 ## - INTERNATIONAL STANDARD BOOK NUMBER
International Standard Book Number 1920185039154
037 ## - SOURCE OF ACQUISITION
Stock number Annuals, Advances
040 ## - CATALOGING SOURCE
Original cataloging agency EASL
Language of cataloging eng
Transcribing agency EASL
041 ## - LANGUAGE CODE
Language code of text/sound track or separate title eng
Source of code eng
084 ## - COLON CLASSIFICATION NUMBER
Classification number Q4:4198.42, P5
Assigning agency EASL
100 ## - MAIN ENTRY--PERSONAL NAME
Personal name Reader Ian
245 #0 - TITLE STATEMENT
Title Making Pilgrimages: Meaning and Practice in Shikoku
260 ## - PUBLICATION, DISTRIBUTION, ETC.
Place of publication, distribution, etc. USA
Name of publisher, distributor, etc. Hawai'i University of Hawai'i press
Date of publication, distribution, etc. 2005
300 ## - PHYSICAL DESCRIPTION
Extent xiv,350p.
365 ## - TRADE PRICE
Price type code ¥
Price amount 4110
650 ## - SUBJECT ADDED ENTRY--TOPICAL TERM
Topical term or geographic name entry element Buddhist pilgrims and pilgrimages - Japan - Shikoku region; Shikoku region - Japan - Religious life and customs; JEL
9 (RLIN) 755254
942 ## - ADDED ENTRY ELEMENTS (KOHA)
Koha item type Textual
Classification part Q4:4198.42, P5

No items available.

Copyright @ Delhi University Library System